Alexius Meinong, The Shepherd of Non-Being (Запис № 462927)
[ простий вигляд ]
| 000 -LEADER | |
|---|---|
| fixed length control field | 05435nam a22005535i 4500 |
| 001 - CONTROL NUMBER | |
| control field | 978-3-319-18075-5 |
| 003 - CONTROL NUMBER IDENTIFIER | |
| control field | DE-He213 |
| 005 - DATE AND TIME OF LATEST TRANSACTION | |
| control field | 20200904110655.0 |
| 007 - PHYSICAL DESCRIPTION FIXED FIELD--GENERAL INFORMATION | |
| fixed length control field | cr nn 008mamaa |
| 008 - FIXED-LENGTH DATA ELEMENTS--GENERAL INFORMATION | |
| fixed length control field | 150713s2015 gw | s |||| 0|eng d |
| 020 ## - INTERNATIONAL STANDARD BOOK NUMBER | |
| International Standard Book Number | 9783319180755 |
| -- | 978-3-319-18075-5 |
| 024 7# - OTHER STANDARD IDENTIFIER | |
| Standard number or code | 10.1007/978-3-319-18075-5 |
| Source of number or code | doi |
| 050 #4 - LIBRARY OF CONGRESS CALL NUMBER | |
| Classification number | B108-5802 |
| 072 #7 - SUBJECT CATEGORY CODE | |
| Subject category code | HPC |
| Source | bicssc |
| 072 #7 - SUBJECT CATEGORY CODE | |
| Subject category code | PHI009000 |
| Source | bisacsh |
| 072 #7 - SUBJECT CATEGORY CODE | |
| Subject category code | QDH |
| Source | thema |
| 082 04 - DEWEY DECIMAL CLASSIFICATION NUMBER | |
| Classification number | 180-190 |
| Edition number | 23 |
| 100 1# - MAIN ENTRY--PERSONAL NAME | |
| Personal name | Jacquette, Dale. |
| Relator term | author. |
| Relator code | aut |
| -- | http://id.loc.gov/vocabulary/relators/aut |
| 245 10 - TITLE STATEMENT | |
| Title | Alexius Meinong, The Shepherd of Non-Being |
| Medium | [electronic resource] / |
| Statement of responsibility, etc | by Dale Jacquette. |
| 250 ## - EDITION STATEMENT | |
| Edition statement | 1st ed. 2015. |
| 264 #1 - | |
| -- | Cham : |
| -- | Springer International Publishing : |
| -- | Imprint: Springer, |
| -- | 2015. |
| 300 ## - PHYSICAL DESCRIPTION | |
| Extent | XXXII, 434 p. 24 illus. |
| Other physical details | online resource. |
| 336 ## - | |
| -- | text |
| -- | txt |
| -- | rdacontent |
| 337 ## - | |
| -- | computer |
| -- | c |
| -- | rdamedia |
| 338 ## - | |
| -- | online resource |
| -- | cr |
| -- | rdacarrier |
| 347 ## - | |
| -- | text file |
| -- | |
| -- | rda |
| 490 1# - SERIES STATEMENT | |
| Series statement | Synthese Library, Studies in Epistemology, Logic, Methodology, and Philosophy of Science, |
| Міжнародний стандартний серійний номер для назви серії (ISSN) | 0166-6991 ; |
| Том/ позначення послідовності | 360 |
| 505 0# - FORMATTED CONTENTS NOTE | |
| Formatted contents note | Preface (with Acknowledgments) -- Introduction: Meinong and Philosophical Analysis -- Chapter 1. Meinong’s Life and Philosophy -- Chapter 2. Origins of Gegenstandstheorie: Immanent and Transcendent Intended Objects in Brentano, Twardowski, and Meinong -- Chapter 3. Meinong on the Phenomenology of Assumption.- Chapter 4. Außersein of the Pure Object.- Chapter 5. Constitutive (Nuclear) and Extraconstitutive (Extranuclear) Properties.- Chapter 6. Meditations on Meinong’s Golden Mountain -- Chapter 7. Domain Comprehension in Meinongian Object Theory -- Chapter 8. Meinong’s Concept of Implexive Being and Non-Being.- Chapter 9. About Nothing.- Chapter 10. Tarski’s Quantificational Semantics and Meinongian Object Theory Domains -- Chapter 11. Reflections on Mally’s Heresy -- Chapter 12. Virtual Relations and Meinongian Abstractions -- Chapter 13. Truth and Fiction in Lewis’s Critique of Meinongian Semantics.- Chapter 14. Anti-Meinongian Actualist Meaning of Fiction in Kripke’s 1973 John Locke Lectures -- Chapter 15. Metaphysics of Meinongian Aesthetic Value -- Chapter 16. Quantum Indeterminacy and Physical Reality as a Relevantly Predicationally Incomplete Existent Entity.-Chapter 17. Confessions of a Meinongian Logician.- Chapter 18. Meinongian Dark Ages and Renaissance -- Appendix: Object Theory Logic and Mathematics — Two Essays by Ernst Mally (Translation and Critical Commentary) -- Notes -- References -- Index. |
| 520 ## - SUMMARY, ETC. | |
| Summary, etc | This book explores the thought of Alexius Meinong, a philosopher known for his unconventional theory of reference and predication. The chapters cover a natural progression of topics, beginning with the origins of Gegenstandstheorie, Meinong’s theory of objects, and his discovery of assumptions as a fourth category of mental states to supplement his teacher Franz Brentano’s references to presentations, feelings, and judgments. The chapters explore further the meaning and metaphysics of fictional and other nonexistent intended objects, fine points in Meinongian object theory are considered and new and previously unanticipated problems are addressed. The author traces being and non-being, and aspects of beingless objects including objects in fiction, ideal objects in scientific theory, objects ostensibly referred to in false science and false history, and intentional imaginative projection of future states of affairs. The chapters focus on an essential choice of conceptual, logical, semantic, ontic and more generally metaphysical problems, and an argument is progressively developed from the first to the final chapter, as key ideas are introduced and refined. Meinong studies have come a long way from Bertrand Russell’s off-target criticisms, and recent times have seen a rise of interest in a Meinongian approach to logic and the theory of meaning. New thinkers see Meinong as a bridge figure between analytic and continental thought, thanks to the need for an adequate semantics of meaning in philosophy of language and philosophy of mind, making this book a particularly timely publication. |
| 650 #0 - SUBJECT ADDED ENTRY--TOPICAL TERM | |
| Topical term or geographic name as entry element | Philosophy. |
| 650 #0 - SUBJECT ADDED ENTRY--TOPICAL TERM | |
| Topical term or geographic name as entry element | Metaphysics. |
| 650 #0 - SUBJECT ADDED ENTRY--TOPICAL TERM | |
| Topical term or geographic name as entry element | Ontology. |
| 650 #0 - SUBJECT ADDED ENTRY--TOPICAL TERM | |
| Topical term or geographic name as entry element | Phenomenology . |
| 650 #0 - SUBJECT ADDED ENTRY--TOPICAL TERM | |
| Topical term or geographic name as entry element | Philosophy of mind. |
| 650 14 - SUBJECT ADDED ENTRY--TOPICAL TERM | |
| Topical term or geographic name as entry element | History of Philosophy. |
| -- | https://scigraph.springernature.com/ontologies/product-market-codes/E15000 |
| 650 24 - SUBJECT ADDED ENTRY--TOPICAL TERM | |
| Topical term or geographic name as entry element | Metaphysics. |
| -- | https://scigraph.springernature.com/ontologies/product-market-codes/E18000 |
| 650 24 - SUBJECT ADDED ENTRY--TOPICAL TERM | |
| Topical term or geographic name as entry element | Ontology. |
| -- | https://scigraph.springernature.com/ontologies/product-market-codes/E22000 |
| 650 24 - SUBJECT ADDED ENTRY--TOPICAL TERM | |
| Topical term or geographic name as entry element | Phenomenology. |
| -- | https://scigraph.springernature.com/ontologies/product-market-codes/E44070 |
| 650 24 - SUBJECT ADDED ENTRY--TOPICAL TERM | |
| Topical term or geographic name as entry element | Philosophy of Mind. |
| -- | https://scigraph.springernature.com/ontologies/product-market-codes/E31000 |
| 710 2# - ADDED ENTRY--CORPORATE NAME | |
| Corporate name or jurisdiction name as entry element | SpringerLink (Online service) |
| 773 0# - HOST ITEM ENTRY | |
| Title | Springer Nature eBook |
| 776 08 - ADDITIONAL PHYSICAL FORM ENTRY | |
| Display text | Printed edition: |
| International Standard Book Number | 9783319180762 |
| 776 08 - ADDITIONAL PHYSICAL FORM ENTRY | |
| Display text | Printed edition: |
| International Standard Book Number | 9783319180748 |
| 776 08 - ADDITIONAL PHYSICAL FORM ENTRY | |
| Display text | Printed edition: |
| International Standard Book Number | 9783319354958 |
| 830 #0 - SERIES ADDED ENTRY--UNIFORM TITLE | |
| Uniform title | Synthese Library, Studies in Epistemology, Logic, Methodology, and Philosophy of Science, |
| -- | 0166-6991 ; |
| Volume number/sequential designation | 360 |
| 856 40 - ELECTRONIC LOCATION AND ACCESS | |
| Uniform Resource Identifier | <a href="https://doi.org/10.1007/978-3-319-18075-5">https://doi.org/10.1007/978-3-319-18075-5</a> |
| 912 ## - | |
| -- | ZDB-2-SHU |
Немає доступних примірників.